Language Quiz

Random Language or Letter Quiz
Score 0/41 Timer 04:00
3 Plays Today
Word % Correct
cat
98.6%
can
98.1%
car
97.4%
cab
96.8%
cad
96.3%
cap
96.2%
cam
95.4%
caw
93%
cop
92.2%
cot
92.2%
cow
91.9%
con
91.7%
cut
89%
cod
88.6%
cog
87.2%
cob
86.5%
cor
85.9%
cay
85.5%
caf
85.5%
cup
85.5%
cos
84.8%
Word % Correct
coy
82.2%
cud
81.5%
col
81.2%
cum
81.2%
cub
81.1%
cur
80.8%
coo
78.6%
cox
78.6%
cel
77.4%
cep
72.6%
cee
72.4%
cue
71.8%
cuz
69.4%
coz
68.6%
cig
62.9%
cry
61.4%
cis
58.8%
chi
49.8%
cru
39.6%
cwm
8.6%

You're not logged in!

Compare scores with friends on all Sporcle quizzes.
OR
Log In

Sporcle TV

Today on Sporcle TV


Watch our educational content, quiz creation guides, and fun videos on Sporcle TV.

Show Comments

Extras

Top Quizzes Today


Score Distribution

Paid Content

Your Account Isn't Verified!

In order to create a playlist on Sporcle, you need to verify the email address you used during registration. Go to your Sporcle Settings to finish the process.

Report this User

Report this user for behavior that violates our Community Guidelines.

Details: